Phát triển hợp tác xã nông nghiệp ở tỉnh Bạc Liêu : Luận án Tiến sĩ Kinh tế. Chuyên ngành Kinh tế nông nghiệp

Phân tích, đánh giá thực trạng hoạt động sản xuất kinh doanh, đồng thời tìm hiểu được tiềm năng, thế mạnh, cũng như những hạn chế của các hợp tác xã nông nghiệp ở tỉnh Bạc Liêu, từ đó đề xuất một số giải pháp nhằm nâng cao hiệu quả...

وصف كامل

محفوظ في:
التفاصيل البيبلوغرافية
المؤلف الرئيسي: Nguyễn, Văn Tuấn
التنسيق: كتاب
اللغة:Undetermined
منشور في: Cần Thơ Trường Đại học Cần Thơ 2019
الموضوعات:
الوسوم: إضافة وسم
لا توجد وسوم, كن أول من يضع وسما على هذه التسجيلة!
Thư viện lưu trữ: Trung tâm Học liệu Trường Đại học Cần Thơ
LEADER 01303nam a2200217Ia 4500
001 CTU_228985
008 210402s9999 xx 000 0 und d
082 |a 334.683 
082 |b T502 
088 |a 62620115 
100 |a Nguyễn, Văn Tuấn 
245 0 |a Phát triển hợp tác xã nông nghiệp ở tỉnh Bạc Liêu : 
245 0 |b Luận án Tiến sĩ Kinh tế. Chuyên ngành Kinh tế nông nghiệp 
245 0 |c Nguyễn Văn Tuấn ; Nguyễn Văn Sánh (Cán bộ hướng dẫn) 
260 |a Cần Thơ 
260 |b Trường Đại học Cần Thơ 
260 |c 2019 
520 |a Phân tích, đánh giá thực trạng hoạt động sản xuất kinh doanh, đồng thời tìm hiểu được tiềm năng, thế mạnh, cũng như những hạn chế của các hợp tác xã nông nghiệp ở tỉnh Bạc Liêu, từ đó đề xuất một số giải pháp nhằm nâng cao hiệu quả hoạt động và phát triển hợp tác xã nông nghiệp ở địa phương. 
650 |a Hợp tác xã nông nghiệp,Agriculture, Cooperative 
910 |b nthai 
980 |a Trung tâm Học liệu Trường Đại học Cần Thơ